000 01439na a2200349 4500
001 22562
003 MIRAKIL
005 20181213155243.0
008 170216b tu 000 0
040 _aMilas
_btur
_cTR-AnCHP
041 _atur
082 _aCHP 363.7
_bC36ç 1995/3
090 _aCHP 363.7 C36ç 1995/3
091 _aÇEVRE - 2
110 _aCumhuriyet Halk Partisi (CHP)
_bAraştırma ve Proje Merkezi (APM)
222 _aÇevre ve sürdürülebilir kalkınma raporları
245 _aÇevre ve sürdürülebilir kalkınma raporu
_bMart 1995, Ankara
_cCumhuriyet Halk Partisi Merkez Araştırma ve Proje Merkezi (CHP/APM)
246 _aÇevre raporu
260 _aAnkara
_bCHP
_cMart 1995
300 _a23 yaprak
_c30 sm.
440 _aCumhuriyet Halk Partisi yayınları
_pRaporlar
490 _aAraştırma ve Proje Merkezi (APM)
500 _aYerel numaradaki sayılar, raporların sunulduğu ayları temsil eder : Ocak -1 ; Şubat - 2 ; Mart - 3 ; Nisan - 4 ; Mayıs - 5; Haziran - 6 ; Temmuz - 7; Ağustos - 8; Eylül - 9; Ekim - 10; Kasım - 11 ; Aralık - 12.
610 _aCHP
_xÇevre politikaları
610 _aCHP
_xÇevre
_yRaporlar
650 _aÇevre sorunları
_xRaporlar
_zTürkiye
657 _aCHP çevre raporu
740 _aCHP çevre ve sürdürülebilir kalkınma raporları
830 _aCHP raporları
942 _2ddc
_cBKS
999 _c9345
_d9345